00401nam a2200157Ia 4500100002500000250000600025942000700031654001300038245002700051260001700078082001500095300000900110546001200119999001700131952009500148 aVanhelsuwe/Laurance  a2 cBK aComputer aMastering Java 1.1. bB.P.B.c1997 a005.13 (J) a1049 aENGLISH c22683d22683 001040708CRCaCRCEbCRCEd2023-03-17l0o005.13 (J) p10785r2023-03-17w2023-03-17yBK